[Event "GER-chT U20 Girls"]
[Site "Willingen"]
[Date "2021.06.27"]
[Round "7.4"]
[White "Mundt, Alexandra"]
[Black "Brunner, Sophia"]
[Result "1/2-1/2"]
[WhiteElo "1768"]
[BlackElo "1892"]
[PlyCount "68"]
[EventDate "2021.06.23"]
[EventType "team-swiss"]
[EventRounds "7"]
[EventCountry "GER"]
[SourceTitle "CBM 203 Extra"]
[Source "ChessBase"]
[SourceDate "2021.09.30"]
[SourceVersion "1"]
[SourceVersionDate "2021.09.30"]
[SourceQuality "1"]
[WhiteTeam "Kiel Doppelbauer"]
[BlackTeam "Nordhorn Blanke"]
[WhiteTeamCountry "GER"]
[BlackTeamCountry "GER"]

1. e4 c6 2. d4 d5 3. Nc3 dxe4 4. Nxe4 Nf6 5. Nxf6+ exf6 6. c3 Bd6 7. Bd3 0-0 8. Qc2 Re8+ 9. Ne2 g6 10. Be3 Nd7 11. h4 Nf8 12. h5 f5 13. 0-0-0 Qf6 14. Qd2 Ne6 15. hxg6 fxg6 16. Nf4 Nxf4 17. Bxf4 Bxf4 18. Qxf4 Qf7 19. Bb1 Be6 20. Qh6 Re7 21. Rde1 Rae8 22. Qg5 Bd5 23. Rxe7 Qxe7 24. Qg3 Qf7 25. b3 b5 26. Kd2 f4 27. Qh3 f3 28. g3 Re2+ 29. Kc1 Be6 30. Qh4 Bd5 31. Qd8+ Kg7 32. Qh4 Kg8 33. Qd8+ Kg7 34. Qh4 Kg8 1/2-1/2

[Event "GER-chT U20 Girls"]
[Site "Willingen"]
[Date "2021.06.26"]
[Round "6.2"]
[White "Brunner, Sophia"]
[Black "Peglau, Mirjam"]
[Result "1-0"]
[WhiteElo "1892"]
[BlackElo "1923"]
[PlyCount "89"]
[EventDate "2021.06.23"]
[EventType "team-swiss"]
[EventRounds "7"]
[EventCountry "GER"]
[SourceTitle "CBM 203 Extra"]
[Source "ChessBase"]
[SourceDate "2021.09.30"]
[SourceVersion "1"]
[SourceVersionDate "2021.09.30"]
[SourceQuality "1"]
[WhiteTeam "Nordhorn Blanke"]
[BlackTeam "Seeblick"]
[WhiteTeamCountry "GER"]
[BlackTeamCountry "GER"]

1. d4 d5 2. Nc3 Nf6 3. Bf4 c6 4. f3 Bf5 5. Qd2 e6 6. g4 Bg6 7. e3 Bd6 8. Nge2 Na6 9. a3 Qe7 10. h4 h5 11. g5 Nd7 12. Bxd6 Qxd6 13. Nf4 e5 14. Nxg6 Qxg6 15. Bxa6 bxa6 16. 0-0-0 0-0 17. f4 exf4 18. exf4 Rab8 19. b3 Qd6 20. Kb2 Rb7 21. Ka2 Rfb8 22. Na4 c5 23. Nxc5 Nxc5 24. dxc5 Qxc5 25. Rh2 Rd8 26. Qd4 Rc7 27. Qxc5 Rxc5 28. Rd4 Re8 29. Kb2 Re3 30. Rhd2 Rf3 31. Rxd5 Rxd5 32. Rxd5 Rxf4 33. c4 Re4 34. c5 Re8 35. Kc3 Kf8 36. b4 Rc8 37. Rd7 Rc6 38. Rxa7 f6 39. gxf6 Rxf6 40. Rd7 Ke8 41. Rxg7 Rf4 42. Ra7 Rxh4 43. Rxa6 Kd7 44. a4 Rf4 45. Rh6 1-0

[Event "GER-chT U20 Girls"]
[Site "Willingen"]
[Date "2021.06.25"]
[Round "4.3"]
[White "Arnhold, Steffi"]
[Black "Brunner, Sophia"]
[Result "1-0"]
[WhiteElo "2031"]
[BlackElo "1892"]
[PlyCount "97"]
[EventDate "2021.06.23"]
[EventType "team-swiss"]
[EventRounds "7"]
[EventCountry "GER"]
[SourceTitle "CBM 203 Extra"]
[Source "ChessBase"]
[SourceDate "2021.09.30"]
[SourceVersion "1"]
[SourceVersionDate "2021.09.30"]
[SourceQuality "1"]
[WhiteTeam "Regensburg Bavaria"]
[BlackTeam "Nordhorn Blanke"]
[WhiteTeamCountry "GER"]
[BlackTeamCountry "GER"]

1. e4 e6 2. d4 d5 3. Nc3 Nf6 4. e5 Nfd7 5. f4 c5 6. Nf3 Nc6 7. Be3 Qb6 8. Qd2 c4 9. Nd1 Bb4 10. c3 Be7 11. g3 a6 12. Bh3 Qc7 13. 0-0 b5 14. f5 exf5 15. Bf4 Qd8 16. Bxf5 Nf8 17. Bxc8 Rxc8 18. Bg5 Ne6 19. Bxe7 Nxe7 20. Ne3 0-0 21. Rae1 a5 22. Qe2 Rb8 23. Nh4 Ng5 24. Qg4 Ng6 25. Nhf5 Ne6 26. h4 Kh8 27. Nd6 Qd7 28. h5 Ne7 29. Nxf7+ Kg8 30. Ng5 Rb6 31. Rxf8+ Nxf8 32. Qf3 Qe8 33. Nxd5 Nxd5 34. Qxd5+ Ne6 35. Rf1 h6 36. Nxe6 Rxe6 37. Qf3 Re7 38. a3 Re6 39. Qf5 Qe7 40. Qg4 Qe8 41. Rf5 Qc6 42. Qf3 Qe8 43. Qe4 g6 44. hxg6 Rxg6 45. Kg2 Kh8 46. d5 Qg8 47. Qf3 Qh7 48. Rf8+ Rg8 49. Qf6+ 1-0

[Event "GER-ch U16 Girls"]
[Site "Willingen"]
[Date "2020.10.23"]
[Round "6"]
[White "Brunner, Sophia"]
[Black "Rudolph, Eva"]
[Result "1-0"]
[WhiteElo "1850"]
[BlackElo "1836"]
[PlyCount "119"]
[EventDate "2020.10.19"]
[EventType "swiss"]
[EventRounds "7"]
[EventCountry "GER"]
[SourceTitle "EXT 2022"]
[Source "ChessBase"]
[SourceDate "2021.10.06"]
[SourceVersion "1"]
[SourceVersionDate "2021.10.06"]
[SourceQuality "1"]

1. d4 d5 2. Nf3 Nf6 3. c4 e6 4. Nc3 c5 5. Bf4 a6 6. e3 Nc6 7. dxc5 Qa5 8. Nd2 Qxc5 9. Nb3 Qb6 10. Be2 Be7 11. 0-0 dxc4 12. Bxc4 0-0 13. Qe2 Na5 14. Nxa5 Qxa5 15. e4 b5 16. Bd3 b4 17. Nb1 e5 18. Bg3 Re8 19. Nd2 Bd6 20. Nc4 Qd8 21. Rfd1 Bb8 22. Ne3 Qa5 23. Bh4 Nd7 24. Bc4 Nb6 25. Bb3 Ba7 26. Nd5 Nxd5 27. Bxd5 Rb8 28. Qc4 Be6 29. Bxe6 Rxe6 30. Rd5 Qb6 31. Rad1 h6 32. Kh1 Rc6 33. Qb3 Re6 34. Qf3 g5 35. Bg3 Rbe8 36. h3 Rf6 37. Qe2 Rfe6 38. Qg4 Qc6 39. Qe2 Bd4 40. f3 Qc7 41. R5xd4 Qa5 42. Rc4 Rb8 43. b3 Qb5 44. Rd5 Qe8 45. Qd2 Qe7 46. Rd7 Qe8 47. Rd5 Qe7 48. Qb2 f6 49. Qd2 Rb7 50. Bf2 a5 51. Rxa5 Rd6 52. Rd5 Rbd7 53. Rxd6 Rxd6 54. Bc5 Rxd2 55. Bxe7 Kf7 56. Bxb4 Rxa2 57. Bc3 Rc2 58. Ba5 Rb2 59. b4 Ke6 60. Rc6+ 1-0

[Event "GER-ch U16 Girls"]
[Site "Willingen"]
[Date "2020.10.22"]
[Round "4"]
[White "Brunner, Sophia"]
[Black "Heutling, Elina"]
[Result "1-0"]
[WhiteElo "1850"]
[BlackElo "1873"]
[PlyCount "118"]
[EventDate "2020.10.19"]
[EventType "swiss"]
[EventRounds "7"]
[EventCountry "GER"]
[SourceTitle "EXT 2022"]
[Source "ChessBase"]
[SourceDate "2021.10.06"]
[SourceVersion "1"]
[SourceVersionDate "2021.10.06"]
[SourceQuality "1"]

1. d4 Nf6 2. Nf3 g6 3. Nbd2 Bg7 4. e4 d6 5. Bd3 Nbd7 6. 0-0 e5 7. c3 0-0 8. Re1 Re8 9. a4 exd4 10. Nxd4 d5 11. exd5 Rxe1+ 12. Qxe1 Nxd5 13. N2f3 Qe7 14. Bg5 N7f6 15. Qxe7 Nxe7 16. Re1 Kf8 17. Bc4 h6 18. Bxf6 Bxf6 19. Nb5 Bd7 20. Nd2 Rd8 21. Ne4 Bxb5 22. Bxb5 Kg7 23. f4 c6 24. Bc4 Nd5 25. Nxf6 Kxf6 26. Rd1 Ke7 27. g3 Kd6 28. Kf2 Kc5 29. Rd4 a5 30. Bf1 Re8 31. Bc4 Ne3 32. Bxf7 Ng4+ 33. Kg2 Ne3+ 34. Kf3 Re7 35. Bxg6 Nc4 36. b3 Nd6 37. Be4 b5 38. axb5 cxb5 39. Rd5+ Kc6 40. Rd4+ Nxe4 41. Rxe4 Rd7 42. Ke2 Kc5 43. Re5+ Kc6 44. Re6+ Kc5 45. Ra6 Re7+ 46. Kf3 Rd7 47. Rxa5 Rd3+ 48. Ke4 Rxc3 49. Ra6 Rxb3 50. Rxh6 Rb1 51. f5 b4 52. Kd3 Rf1 53. g4 Rf3+ 54. Ke4 Rc3 55. Rh8 Rc4+ 56. Ke5 Rxg4 57. f6 Rg2 58. f7 Re2+ 59. Kf6 Rf2+ 1-0

[Event "GER-chT Lands U20"]
[Site "Berlin"]
[Date "2020.10.02"]
[Round "5.1"]
[White "Voigt, Anastasia"]
[Black "Brunner, Sophia"]
[Result "1-0"]
[WhiteElo "1562"]
[BlackElo "1850"]
[PlyCount "151"]
[EventDate "2020.09.29"]
[EventType "team-swiss"]
[EventRounds "7"]
[EventCountry "GER"]
[SourceTitle "CBM 198 Extra"]
[Source "ChessBase"]
[SourceDate "2020.11.30"]
[SourceVersion "1"]
[SourceVersionDate "2020.11.30"]
[SourceQuality "1"]
[WhiteTeam "Sachsen Anhalt U20"]
[BlackTeam "Niedersachsen U20"]
[WhiteTeamCountry "GER"]
[BlackTeamCountry "GER"]

1. e4 e6 2. d4 d5 3. Nd2 Nf6 4. e5 Nfd7 5. Bd3 c5 6. c3 Nc6 7. Ne2 cxd4 8. cxd4 f6 9. exf6 Nxf6 10. Nf3 Qc7 11. Bf4 Bb4+ 12. Bd2 Bd6 13. 0-0 0-0 14. Ng3 Bd7 15. Re1 Rae8 16. Rc1 Qb8 17. a3 Kh8 18. b4 a6 19. Bc3 e5 20. dxe5 Nxe5 21. Nxe5 Bxe5 22. Bxe5 Rxe5 23. Rc3 Ng4 24. Rf1 Qd6 25. Be2 Nf6 26. Qd4 Rfe8 27. Re3 Rxe3 28. fxe3 Kg8 29. Bf3 Qe6 30. Re1 Bc6 31. Kf2 Rf8 32. Kg1 Re8 33. Nf1 Bb5 34. Nd2 Qe5 35. Qxe5 Rxe5 36. Nb3 Kf7 37. Nd4 Bc4 38. Kf2 g5 39. h3 h5 40. g4 h4 41. Rd1 Ne8 42. Ne2 Nd6 43. Nc3 Ke6 44. Rd4 Nb5 45. Nxb5 Bxb5 46. Rd1 Bc4 47. Be2 Bxe2 48. Kxe2 Kd6 49. Kd3 b5 50. Rf1 Re6 51. Rf5 Re5 52. Rf8 Re6 53. Ra8 Kc7 54. Rg8 Re5 55. Rg6 Kb7 56. Rf6 Re7 57. Rf5 Rg7 58. Rxd5 Kc6 59. Kd4 Rg8 60. e4 Rg7 61. e5 Rg6 62. Rc5+ Kd7 63. Ke4 Rg8 64. Kf5 Rg7 65. Kf6 Rg8 66. e6+ Kd6 67. Kf7 Ra8 68. Rxg5 Ra7+ 69. Kf6 Ra8 70. Rg7 Rc8 71. Rd7+ Kc6 72. g5 Rf8+ 73. Rf7 Rd8 74. e7 Rd6+ 75. Kg7 Kd7 76. Kf8 1-0

[Event "GER-chT Lands U20"]
[Site "Berlin"]
[Date "2020.10.01"]
[Round "3.3"]
[White "Uhlmann, Tim"]
[Black "Brunner, Sophia"]
[Result "1-0"]
[WhiteElo "1523"]
[BlackElo "1850"]
[PlyCount "74"]
[EventDate "2020.09.29"]
[EventType "team-swiss"]
[EventRounds "7"]
[EventCountry "GER"]
[SourceTitle "CBM 198 Extra"]
[Source "ChessBase"]
[SourceDate "2020.11.30"]
[SourceVersion "1"]
[SourceVersionDate "2020.11.30"]
[SourceQuality "1"]
[WhiteTeam "Baden U20"]
[BlackTeam "Niedersachsen U20"]
[WhiteTeamCountry "GER"]
[BlackTeamCountry "GER"]

1. e4 e6 2. d4 d5 3. exd5 exd5 4. Nf3 Bd6 5. c4 Nf6 6. Nc3 0-0 7. Bd3 Re8+ 8. Be3 Bf4 9. 0-0 Bxe3 10. fxe3 Nc6 11. Nxd5 Nxd5 12. cxd5 Qxd5 13. e4 Qh5 14. d5 Ne5 15. Nxe5 Qxe5 16. Qf3 f6 17. Kh1 Bd7 18. b3 c6 19. Rad1 Kh8 20. Bb1 Re7 21. d6 Re6 22. Qf5 Qxf5 23. exf5 Re5 24. Rfe1 Rae8 25. Rxe5 Rxe5 26. Kg1 Kg8 27. g4 Kf7 28. Kf2 Ke8 29. b4 Kd8 30. Bc2 a6 31. h4 h5 32. Kf3 g6 33. Kf4 hxg4 34. fxg6 Be6 35. Rh1 Rh5 36. g7 Ke8 37. Bg6+ Bf7 1-0

[Event "GER-chT Lands U20"]
[Site "Berlin"]
[Date "2020.09.30"]
[Round "2.1"]
[White "Brunner, Sophia"]
[Black "Werner, Florin"]
[Result "1-0"]
[WhiteElo "1850"]
[BlackElo "1481"]
[PlyCount "113"]
[EventDate "2020.09.29"]
[EventType "team-swiss"]
[EventRounds "7"]
[EventCountry "GER"]
[SourceTitle "CBM 198 Extra"]
[Source "ChessBase"]
[SourceDate "2020.11.30"]
[SourceVersion "1"]
[SourceVersionDate "2020.11.30"]
[SourceQuality "1"]
[WhiteTeam "Niedersachsen U20"]
[BlackTeam "Hessen U20"]
[WhiteTeamCountry "GER"]
[BlackTeamCountry "GER"]

1. d4 d5 2. Nf3 Bf5 3. g3 Nf6 4. Bg2 e6 5. 0-0 c5 6. b3 Nc6 7. Bb2 Nb4 8. Na3 Rc8 9. c3 Nc6 10. c4 Qb6 11. cxd5 exd5 12. dxc5 Bxc5 13. Nc2 Bg6 14. Bxf6 gxf6 15. e3 Ne7 16. Nfd4 Bxc2 17. Nxc2 Qd6 18. Nd4 a6 19. Qd3 h6 20. Rfd1 Rd8 21. Rac1 Bb6 22. Rd2 Ba5 23. Re2 0-0 24. Bh3 Qe5 25. Rec2 Bb6 26. Rd1 Qh5 27. Kg2 Bxd4 28. Qxd4 Nc6 29. Qg4+ Qg6 30. Qxg6+ fxg6 31. Be6+ Kg7 32. Rxd5 Nb4 33. Rc7+ Kh8 34. Rxd8 Rxd8 35. Rxb7 Nxa2 36. Bc4 Rd6 37. Rb8+ Kh7 38. Ra8 Nb4 39. Ra7+ Kh8 40. Rb7 Nd5 41. Bxd5 Rxd5 42. Rb6 Kg7 43. Rxa6 Rb5 44. Ra3 h5 45. Kf3 f5 46. Ke2 Kf6 47. h4 g5 48. Ra6+ Kg7 49. hxg5 Rxb3 50. Rf6 Rb5 51. Kf3 Ra5 52. Kf4 Ra2 53. f3 Ra5 54. Rxf5 Ra4+ 55. e4 Kg6 56. Rf6+ Kg7 57. Rh6 1-0

[Event "GER-ch (Women)"]
[Site "Magdeburg"]
[Date "2020.08.20"]
[Round "6"]
[White "Brunner, Sophia"]
[Black "Bluebaum, Johanna"]
[Result "0-1"]
[WhiteElo "1881"]
[BlackElo "2011"]
[PlyCount "114"]
[EventDate "2020.08.16"]
[EventType "swiss"]
[EventRounds "9"]
[EventCountry "GER"]
[SourceTitle "CBM 197 Extra"]
[Source "ChessBase"]
[SourceDate "2020.09.30"]
[SourceVersion "1"]
[SourceVersionDate "2020.09.30"]
[SourceQuality "1"]

1. Nf3 d5 2. g3 Nf6 3. Bg2 Bf5 4. d4 e6 5. c4 c6 6. 0-0 h6 7. Nc3 Be7 8. Bf4 Nbd7 9. c5 0-0 10. b4 Ne4 11. Qb3 g5 12. Be3 b6 13. Nd2 Nxc3 14. Qxc3 bxc5 15. bxc5 Rb8 16. Nb3 Qc7 17. f4 Rb7 18. Qc1 g4 19. Bd2 Rb5 20. Qc3 Rfb8 21. Rfe1 Nf6 22. e3 Be4 23. Bf1 R5b7 24. Ba6 Rb4 25. Qxb4 Rxb4 26. Bxb4 h5 27. Nd2 Bc2 28. Rac1 Ba4 29. Rb1 Bb5 30. Bxb5 cxb5 31. Bc3 Qc6 32. Nb3 Bd8 33. a3 Qa6 34. Bb4 Ne4 35. Rec1 Qc6 36. Rc2 h4 37. Rg2 h3 38. Rc2 f6 39. Rbb2 Bc7 40. Rb1 Kg7 41. Rbc1 e5 42. dxe5 fxe5 43. fxe5 Bxe5 44. Rf1 Qg6 45. Rfc1 Qh6 46. Re1 Ng5 47. Nd2 Qg6 48. Rc3 Qc6 49. Rc2 d4 50. e4 Qc7 51. Nf1 Nf3+ 52. Kh1 a5 53. Bd2 Qc6 54. Rcc1 Nxe1 55. Rxe1 Qxc5 56. Ra1 Qc2 57. Re1 Qd3 0-1

[Event "GER-ch NSV Online 1st"]
[Site "Playchess.com INT"]
[Date "2020.04.26"]
[Round "13"]
[White "Brunner, Sophia"]
[Black "Kozik, Andreas"]
[Result "0-1"]
[WhiteElo "1881"]
[BlackElo "1952"]
[PlyCount "67"]
[EventDate "2020.04.26"]
[EventType "swiss (blitz)"]
[EventRounds "13"]
[EventCountry "GER"]
[SourceTitle "CBM 196 Extra"]
[Source "ChessBase"]
[SourceDate "2020.07.31"]
[SourceVersion "1"]
[SourceVersionDate "2020.07.31"]
[SourceQuality "1"]

1. d4 d5 2. Nf3 Nf6 3. g3 c5 4. Bg2 e6 5. 0-0 Nc6 6. b3 cxd4 7. Nxd4 Bc5 8. Nxc6 bxc6 9. Bb2 0-0 10. Nd2 Ba6 11. Re1 Rc8 12. e4 Qb6 13. exd5 Bxf2+ 14. Kh1 Bxe1 15. Qxe1 Nxd5 16. Nc4 Bxc4 17. Qe5 Nf6 18. bxc4 Rb8 19. Bd4 Qa6 20. Qg5 Ne8 21. Bf1 f6 22. Qe3 Nc7 23. Bxa7 Rb7 24. Bc5 Rd8 25. Be2 Rb2 26. Qc3 Rxa2 27. Re1 Ra8 28. Bg4 Ra1 29. Kg2 Rxe1 30. Qxe1 Qxc4 31. Qf2 Ra2 32. Bd1 Qd5+ 33. Kg1 Qxd1+ 34. Kg2 0-1